000 00544nam a2200205Ia 4500
005 20250923145538.0
008 008 250917s9999 xx 000 0 eng d
037 _aTextual
040 _aDSWL
_beng
_cDSWL
041 _aeng
_2eng
084 _aY11
_qDSWL
100 _aJohnson, R.E.
_9836431
245 0 _aJuvenile Delinquency and its origins
_c by R.E.Johnson
260 _aLondon
_bCambridge
_c1979
300 _ax,182 p.
365 _aGBP
_b0.4
925 _g0.4
942 _cTEXL
_hY11
999 _c1452686
_d1452686